[Event "Santo Domingo Independencia op"]
[Site "Santo Domingo"]
[Date "2018.02.24"]
[Round "7"]
[White "Pena Sanchez, Raymundo Eduardo"]
[Black "Soto Lora, Jose Santiago"]
[Result "0-1"]
[WhiteElo "1852"]
[BlackElo "1998"]
[PlyCount "60"]
[EventDate "2018.02.16"]
[EventType "swiss"]
[EventRounds "8"]
[EventCountry "DOM"]
[SourceTitle "CBM 187 Extra"]
[Source "ChessBase"]
[SourceDate "2018.11.04"]
[SourceVersion "1"]
[SourceVersionDate "2018.11.04"]
[SourceQuality "1"]

1. e4 d6 2. d4 g6 3. f4 Bg7 4. Nf3 a6 5. Bc4 e6 6. Bb3 Ne7 7. 0-0 b5 8. c3 Nd7 9. Qe1 c5 10. Be3 Bb7 11. Nbd2 cxd4 12. cxd4 Nf6 13. Bc2 Rc8 14. Bd3 Ng4 15. f5 Nxe3 16. Qxe3 Nc6 17. fxe6 fxe6 18. d5 exd5 19. exd5+ Ne5 20. Nxe5 dxe5 21. Ne4 Rf8 22. Ng5 Qxd5 23. Be4 Qd7 24. Nxh7 Rxf1+ 25. Rxf1 Bxe4 26. Qxe4 Qd4+ 27. Qxd4 exd4 28. Re1+ Kd7 29. Re2 d3 30. Re1 d2 0-1

[Event "Santo Domingo U2000 op"]
[Site "Santo Domingo"]
[Date "2017.06.11"]
[Round "8"]
[White "Belliard Alonzo, Julio Cesar"]
[Black "Pena Sanchez, Raymundo Eduardo"]
[Result "0-1"]
[WhiteElo "1631"]
[BlackElo "1882"]
[PlyCount "60"]
[EventDate "2017.06.02"]
[EventType "swiss"]
[EventRounds "8"]
[EventCountry "DOM"]
[SourceTitle "CBM 178 Extra"]
[Source "ChessBase"]
[SourceDate "2017.06.22"]
[SourceVersion "1"]
[SourceVersionDate "2017.06.22"]
[SourceQuality "1"]

1. d4 Nf6 2. c4 c5 3. d5 b5 4. Nf3 d6 5. Bg5 Ne4 6. e3 g6 7. Bd3 Nxg5 8. Nxg5 Bg7 9. Qc2 bxc4 10. Bxc4 0-0 11. Nc3 e5 12. Nf3 Ba6 13. Bxa6 Nxa6 14. a3 f5 15. h4 e4 16. Ng5 Nc7 17. g3 h6 18. Nh3 Qd7 19. Nf4 Kh7 20. 0-0-0 Rfb8 21. g4 Nb5 22. gxf5 gxf5 23. Ne6 Bxc3 24. bxc3 Nxa3 25. Qa2 Rb1+ 26. Kd2 Rb2+ 27. Qxb2 Nc4+ 28. Ke2 Nxb2 29. Rdg1 Qb5+ 30. Ke1 Nd3+ 0-1

[Event "Santo Domingo op U2100 2nd"]
[Site "Santo Domingo"]
[Date "2015.06.29"]
[Round "8.20"]
[White "De Leon, Julio Cesar"]
[Black "Pena Sanchez, Raymundo Eduardo"]
[Result "1/2-1/2"]
[WhiteElo "1608"]
[BlackElo "1644"]
[PlyCount "105"]
[EventDate "2015.06.19"]
[EventType "swiss"]
[EventRounds "8"]
[EventCountry "DOM"]
[SourceTitle "EXT 2017"]
[Source "ChessBase"]
[SourceDate "2016.10.25"]
[SourceVersion "1"]
[SourceVersionDate "2016.10.25"]
[SourceQuality "1"]

1. c4 Nf6 2. d4 e5 3. d5 d6 4. Nc3 g6 5. g3 Bg7 6. Bg2 0-0 7. Bg5 h6 8. Bd2 a5 9. Qc1 Kh7 10. Ne4 Nxe4 11. Bxe4 f5 12. Bc2 c6 13. Bc3 cxd5 14. cxd5 b5 15. b3 Bb7 16. Qd2 Nd7 17. Nf3 Nf6 18. 0-0 Nxd5 19. Bb2 Nb4 20. Bb1 Qe7 21. a3 Nd5 22. e4 fxe4 23. Bxe4 Nf6 24. Bxb7 Qxb7 25. Nh4 Qb6 26. Rad1 Rad8 27. Qe2 b4 28. Qc2 e4 29. Bxf6 Bxf6 30. Qxe4 Bxh4 31. Qxh4 bxa3 32. Rde1 Rd7 33. Qa4 Rdf7 34. Re2 Qb4 35. Re4 Qxa4 36. Rxa4 Rf5 37. Rxa3 Rb5 38. Rd1 d5 39. Rd4 Kg7 40. Kf1 Kf6 41. Ke2 Ke5 42. Rd3 g5 43. Ke3 g4 44. Ke2 h5 45. Ra4 Rf3 46. Rad4 Rxd3 47. Rxd3 d4 48. f3 Rc5 49. Kd2 Rd5 50. Ke2 Kf5 51. Kd2 Ke5 52. Ke2 Kf5 53. Kd2 1/2-1/2

[Event "Santo Domingo op U2100 2nd"]
[Site "Santo Domingo"]
[Date "2015.06.19"]
[Round "1"]
[White "Pena Sanchez, Raymundo Eduardo"]
[Black "Reyes Capellan, Elby"]
[Result "0-1"]
[WhiteElo "1644"]
[BlackElo "2018"]
[PlyCount "58"]
[EventDate "2015.06.19"]
[EventType "swiss"]
[EventRounds "8"]
[EventCountry "DOM"]
[SourceTitle "CBM 167 Extra"]
[Source "ChessBase"]
[SourceDate "2015.09.14"]
[SourceVersion "1"]
[SourceVersionDate "2015.09.14"]
[SourceQuality "1"]

1. e4 c5 2. Nc3 Nc6 3. g3 e6 4. Bg2 a6 5. d3 b5 6. Nge2 Bb7 7. 0-0 d6 8. a4 b4 9. Nb1 Nf6 10. Nd2 Be7 11. h3 0-0 12. f4 Qc7 13. g4 Nd7 14. Qe1 Rae8 15. Nc4 f5 16. exf5 exf5 17. Ne3 fxg4 18. Nd5 Qd8 19. hxg4 Bh4 20. Qd1 Nf6 21. Be3 Kh8 22. Nxf6 Qxf6 23. Bf2 Bxf2+ 24. Rxf2 Nd8 25. Bxb7 Nxb7 26. c3 Re3 27. d4 Rfe8 28. dxc5 Nxc5 29. Nd4 Nd3 0-1